| 000 | 00615nam a22001697a 4500 | ||
|---|---|---|---|
| 008 | 150213b xxu||||| |||| 00| 0 eng d | ||
| 020 | _a9966777547 | ||
| 050 |
_aG155.K4 _bK52 2009 |
||
| 100 | _aKiarie, Simon. | ||
| 245 |
_aEstimating inbound tourism demand for Kenya: _bthe gravity approach / _cby Simon Kiarie. |
||
| 260 |
_aNairobi, Kenya : _bKenya Institute for Public Policy Research and Analysis ; _c2009. |
||
| 300 |
_av, 34 p. : _bcol. ill. ; _c26 cm. |
||
| 440 |
_aKIPPRA Discuss paper _v94. |
||
| 500 | _aIncludes bibliographical references (p. 28-33). | ||
| 650 |
_aTourism _zKenya. |
||
| 942 |
_2lcc _cBK |
||
| 999 |
_c44213 _d44213 |
||